| 000 | 003290000a22001450004500 | ||
|---|---|---|---|
| 003 | MACL | ||
| 040 | _aMACL | ||
| 090 |
_c41836 _d41834 |
||
| 100 | _aRazdan, Vijay Bazaz | ||
| 245 |
_aHindustani Ragas _bThe Concept of Time and Season |
||
| 260 |
_bB R Rhythms _c2009 |
||
| 350 | _a695 | ||
| 650 | _aMusic | ||
| 942 |
_cBOOK _k780/RAZ |
||
| 999 |
_c41393 _d41393 |
||